[Event "24th ch-EUR Indiv w 2024"]
[Site "Rhodes GRE"]
[Date "2024.04.28"]
[Round "9.44"]
[White "Mandura, Tijana"]
[Black "Orian, Noga"]
[Result "1-0"]
[WhiteTitle "WIM"]
[BlackTitle "WFM"]
[WhiteElo "2218"]
[BlackElo "2099"]
[WhiteFideId "16500270"]
[BlackFideId "2836475"]
[EventDate "2024.04.19"]

1. e4 c5 2. Nf3 Nc6 3. Bb5 g6 4. Bxc6 dxc6 5. d3 Bg7 6. O-O Nf6 7. Re1 O-O 8. h3
Ne8 9. e5 Nc7 10. b3 Ne6 11. Nbd2 Qc7 12. Bb2 b6 13. a4 a5 14. Ne4 h6 15. Qd2 f5
16. exf6 exf6 17. Ng3 Ra7 18. Re2 Qf7 19. Rae1 Rd8 20. Nf1 g5 21. Re4 Re7 22.
Ng3 Qg6 23. R4e2 Ree8 24. Qc3 Kf8 25. Qc4 Nf4 26. Rxe8+ Rxe8 27. Rxe8+ Qxe8 28.
Kf1 Be6 29. Qe4 Qd7 30. Ne1 Bd5 31. Qf5 Be6 32. Qe4 h5 33. h4 Bd5 34. Qf5 Be6
35. Qe4 Bd5 36. Qf5 Be6 37. Qh7 Bg8 38. Qe4 Bd5 39. Qe3 Qg4 40. hxg5 fxg5 41.
Bxg7+ Kxg7 42. Qe7+ Kg6 43. c4 Qe6 44. Qd8 h4 45. cxd5 cxd5 46. Nf3 Qf6 47.
Qxf6+ Kxf6 48. Ne2 Nxd3 49. Nc3 Nb4 50. Ke2 Kf5 51. Nd1 d4 52. Nb2 Kf4 53. g3+
hxg3 54. fxg3+ Kxg3 55. Nxg5 Kf4 56. Nh3+ Ke4 57. Nf2+ Kd5 58. Nfd3 Na2 59. Kd2
Nc3 60. Nc4 Nxa4 61. Nf4+ Kc6 62. bxa4 b5 63. Ne5+ Kd6 64. Nf7+ Kc6 65. Nd8+ Kd7
66. axb5 Kxd8 67. Ne6+ Kd7 68. Nxc5+ Kd6 69. Na4 Ke5 70. Kd3 Kd5 71. b6 Kc6 72.
Kxd4 Kb7 73. Kd5 Ka6 74. Kc5 Kb7 75. Kb5 Kb8 76. Kxa5 Kb7 77. Kb5 Kb8 78. Kc6
Ka8 79. Nc5 1-0

[Event "24th ch-EUR Indiv w 2024"]
[Site "Rhodes GRE"]
[Date "2024.04.28"]
[Round "9.45"]
[White "Jarocka, Liwia"]
[Black "Paasikangas, Johanna"]
[Result "1-0"]
[WhiteTitle "FM"]
[BlackTitle "FM"]
[WhiteElo "2212"]
[BlackElo "2080"]
[WhiteFideId "21807558"]
[BlackFideId "500879"]
[EventDate "2024.04.19"]

1. e4 c5 2. Nf3 d6 3. d4 cxd4 4. Nxd4 Nf6 5. Nc3 Nc6 6. Bg5 e6 7. Qd3 a6 8. Nxc6
bxc6 9. O-O-O Qa5 10. h4 Rb8 11. Kb1 Qb6 12. b3 Ng4 13. Qf3 h5 14. Rd2 f6 15.
Bf4 e5 16. Bg3 Be6 17. Qd3 a5 18. f3 Nh6 19. Ka1 Be7 20. Be2 O-O 21. Na4 Qb7 22.
Bf2 f5 23. Bb6 Ra8 24. Be3 fxe4 25. fxe4 Ng4 26. Bxg4 Bxg4 27. c4 Rf7 28. c5
dxc5 29. Bxc5 Bxc5 30. Nxc5 Qb4 31. Rc1 Raf8 32. Kb2 Rf2 33. Rcc2 Rf1 34. Qc4+
Kh7 35. Qxb4 axb4 36. Nd3 Rh1 37. Nxb4 Rxh4 38. Nxc6 Bc8 39. Re2 Ba6 40. Re3 Re8
41. a4 Rg4 42. b4 Bf1 43. g3 g5 44. Rf2 Bc4 45. Rf5 Be6 46. Rxe5 h4 47. gxh4
gxh4 48. Kc3 Kg6 49. b5 Rg2 50. b6 Rg3 51. Kd4 Rxe3 52. Kxe3 h3 53. Kf2 Rf8+ 54.
Kg1 Kf6 55. b7 Rg8+ 56. Kh1 Bg4 57. Rc5 1-0

[Event "24th ch-EUR Indiv w 2024"]
[Site "Rhodes GRE"]
[Date "2024.04.28"]
[Round "9.46"]
[White "Pavlidou, Ekaterini"]
[Black "Mgeladze, Kesaria"]
[Result "1/2-1/2"]
[WhiteTitle "WIM"]
[BlackTitle "WFM"]
[WhiteElo "2201"]
[BlackElo "2094"]
[WhiteFideId "4213262"]
[BlackFideId "13621130"]
[EventDate "2024.04.19"]

1. d4 Nf6 2. c4 g6 3. Nf3 Bg7 4. g3 O-O 5. Bg2 d5 6. cxd5 Nxd5 7. e4 Nb6 8. O-O
Bg4 9. d5 Qd7 10. Nc3 c6 11. Qb3 cxd5 12. Nxd5 Nc6 13. Nxb6 axb6 14. Be3 Nd4 15.
Bxd4 Bxd4 16. Rfd1 e5 17. Rd2 Bxf3 18. Bxf3 Qe7 19. Rc2 Rac8 20. Rac1 Rc5 21.
Rxc5 Bxc5 22. Rd1 1/2-1/2

[Event "24th ch-EUR Indiv w 2024"]
[Site "Rhodes GRE"]
[Date "2024.04.28"]
[Round "9.47"]
[White "Kochavi, Dana"]
[Black "Nilssen, Ellen Fredericia"]
[Result "0-1"]
[WhiteTitle "WFM"]
[BlackTitle "WFM"]
[WhiteElo "2084"]
[BlackElo "2195"]
[WhiteFideId "2837137"]
[BlackFideId "1441230"]
[EventDate "2024.04.19"]

1. e4 c5 2. Nf3 Nf6 3. Nc3 d5 4. exd5 Nxd5 5. Nxd5 Qxd5 6. c4 Qe4+ 7. Be2 e5 8.
O-O Be7 9. Re1 Nc6 10. Bf1 Qf5 11. b4 cxb4 12. Bb2 e4 13. Bxg7 Rg8 14. Nd4 Qg6
15. Nxc6 Qxc6 16. Be5 Bg4 17. Qc2 Bf5 18. Bg3 O-O-O 19. Rad1 h5 20. Qb2 Bg4 21.
d4 h4 22. Bf4 Bf3 23. g3 Bd6 24. Bh3+ Kb8 25. d5 Qc7 26. Bxd6 Qxd6 27. Rb1 hxg3
28. hxg3 Rh8 29. Bg2 Qh6 0-1

[Event "24th ch-EUR Indiv w 2024"]
[Site "Rhodes GRE"]
[Date "2024.04.28"]
[Round "9.48"]
[White "Gaboyan, Susanna"]
[Black "Jimenez Fernandez, Rebeca"]
[Result "1-0"]
[WhiteTitle "WIM"]
[BlackTitle "WFM"]
[WhiteElo "2192"]
[BlackElo "2055"]
[WhiteFideId "13303627"]
[BlackFideId "32070934"]
[EventDate "2024.04.19"]

1. Nf3 Nf6 2. g3 e6 3. Bg2 d5 4. O-O Be7 5. d3 O-O 6. Nbd2 c5 7. e4 Nc6 8. Re1
b5 9. e5 Nd7 10. Nf1 Qc7 11. Bf4 Bb7 12. h4 Rfc8 13. h5 h6 14. N1h2 Qd8 15. Ng4
Qf8 16. Qd2 Kh7 17. c4 bxc4 18. dxc4 Nb6 19. b3 Rd8 20. Nfh2 dxc4 21. Qc1 cxb3
22. axb3 Nd5 23. Bd2 Nd4 24. Ne3 Rd7 25. Nc4 Nb4 26. Bxb4 cxb4 27. Bxb7 Rxb7 28.
Qf4 Rd7 29. Qe4+ Kh8 30. Nb6 Rad8 31. Nxd7 Rxd7 32. Rad1 Qd8 33. Qd3 Rd5 34. Nf3
Bc5 35. Kg2 Qb6 36. Nxd4 Bxd4 37. Qf3 Kg8 38. Re4 Bxf2 39. Rxd5 exd5 40. Rf4 Be1
41. Rxf7 Qc5 42. Rd7 Qc2+ 43. Kh3 Kh7 44. Qg4 1-0

[Event "24th ch-EUR Indiv w 2024"]
[Site "Rhodes GRE"]
[Date "2024.04.28"]
[Round "9.49"]
[White "Sivanandan, Bodhana"]
[Black "Ciolacu, Alessia-Mihaela"]
[Result "1/2-1/2"]
[WhiteTitle "WCM"]
[BlackTitle "WIM"]
[WhiteElo "2065"]
[BlackElo "2188"]
[WhiteFideId "497592"]
[BlackFideId "1252640"]
[EventDate "2024.04.19"]

1. e4 c5 2. Nf3 d6 3. Bb5+ Nd7 4. O-O a6 5. Bxd7+ Bxd7 6. d4 cxd4 7. Qxd4 e5 8.
Qd3 Be7 9. Nc3 Rc8 10. Re1 Be6 11. Be3 Nf6 12. a4 Qc7 13. Bg5 O-O 14. Bxf6 Bxf6
15. Rad1 Rfd8 16. Rd2 Qc5 17. Nd5 Bxd5 18. Qxd5 Qxd5 19. exd5 Rc4 20. b3 Rc3 21.
Re3 Rc5 22. g3 b5 23. axb5 axb5 24. Ree2 Ra8 25. Kg2 g6 26. Ne1 Ra1 27. h4 Kg7
28. Nd3 Rxd5 29. Nb4 Rxd2 30. Rxd2 Ra8 31. Rd5 Rb8 32. Nc6 Rb6 33. Rxd6 e4 34.
c4 bxc4 35. bxc4 e3 36. fxe3 Be7 37. Rd7 Rxc6 38. Rxe7 Rxc4 39. Kf3 h5 40. e4
Rc1 41. Rb7 Kf6 42. Rb6+ Ke5 43. Rb5+ Kf6 44. Kf4 Rf1+ 45. Ke3 Re1+ 46. Kf3 Ke6
47. Rb6+ Ke5 48. Rb5+ Kf6 49. Rb6+ Kg7 50. Rb7 Rf1+ 51. Ke3 Re1+ 52. Kf3 Ra1 53.
Kf4 Rf1+ 54. Ke3 Re1+ 1/2-1/2

[Event "24th ch-EUR Indiv w 2024"]
[Site "Rhodes GRE"]
[Date "2024.04.28"]
[Round "9.50"]
[White "Levitan, Ronit"]
[Black "Silva, Mariana Sofia T."]
[Result "1/2-1/2"]
[WhiteTitle "WFM"]
[BlackTitle "WCM"]
[WhiteElo "2187"]
[BlackElo "1980"]
[WhiteFideId "2815109"]
[BlackFideId "1911899"]
[EventDate "2024.04.19"]

1. e4 c5 2. Nf3 Nc6 3. Bb5 Nf6 4. Bxc6 dxc6 5. d3 g6 6. h3 Bg7 7. a4 a5 8. O-O
O-O 9. Be3 b6 10. Qc1 Ne8 11. Bh6 f6 12. Na3 e5 13. Be3 Nc7 14. Qd2 Ne6 15. Nh2
Ra7 16. Rad1 Ba6 17. Qc3 Kh8 18. Qb3 Nd4 19. Bxd4 cxd4 20. f4 exf4 21. Rxf4 Bc8
22. c3 f5 23. exf5 Bxf5 24. c4 Be5 25. Rf3 Raf7 26. Qc2 Qg5 27. Qd2 Qh4 28. Qe1
Qe7 29. Qd2 Bb8 30. Nc2 Qd6 31. Nf1 c5 32. Re1 Qc6 33. b3 g5 34. Qe2 Qg6 35. Ng3
Bxh3 36. Rxf7 Qxf7 37. Rf1 Qg8 38. Qe7 Re8 39. Qf6+ Qg7 40. Ne4 Be6 41. Nxg5 Bg8
42. Ne4 Re6 43. Qxg7+ Kxg7 44. Ne1 h6 45. Nf3 Bf4 46. Nh4 Be3+ 47. Kh2 Bh7 48.
Nf5+ Bxf5 49. Rxf5 Kg6 50. Rf8 Kg7 51. Rf1 Kg6 52. Rf8 Kg7 53. Rf1 Kg6 54. Rf8
Kg7 1/2-1/2

[Event "24th ch-EUR Indiv w 2024"]
[Site "Rhodes GRE"]
[Date "2024.04.28"]
[Round "9.51"]
[White "Terbe, Zsuzsanna"]
[Black "Shuqja, Klean"]
[Result "1/2-1/2"]
[WhiteTitle "WIM"]
[BlackTitle "WFM"]
[WhiteElo "2174"]
[BlackElo "1977"]
[WhiteFideId "708801"]
[BlackFideId "4701585"]
[EventDate "2024.04.19"]

1. d4 Nf6 2. Nf3 e6 3. Bf4 b6 4. e3 Bb7 5. h3 Be7 6. Nbd2 O-O 7. Bd3 d5 8. O-O
Nbd7 9. a4 c5 10. c3 Ne4 11. a5 Nxd2 12. Qxd2 c4 13. Bc2 b5 14. Qe2 a6 15. Nd2
Nb8 16. Bxb8 Rxb8 17. e4 dxe4 18. Nxe4 Bxe4 19. Qxe4 g6 20. b4 cxb3 21. Bxb3 Qd6
22. Rfe1 Bf6 23. Red1 1/2-1/2

[Event "24th ch-EUR Indiv w 2024"]
[Site "Rhodes GRE"]
[Date "2024.04.28"]
[Round "9.52"]
[White "Kroliczek, Gabriela"]
[Black "Markantonaki, Haritomeni"]
[Result "1/2-1/2"]
[BlackTitle "WFM"]
[WhiteElo "1957"]
[BlackElo "2167"]
[WhiteFideId "21816727"]
[BlackFideId "4207050"]
[EventDate "2024.04.19"]

1. e4 e5 2. Nf3 Nc6 3. Bc4 Nf6 4. d3 h6 5. c3 d6 6. Nbd2 g6 7. a4 Bg7 8. a5 a6
9. Nf1 O-O 10. h3 d5 11. exd5 Nxd5 12. Ng3 Nf4 13. Bxf4 exf4 14. Ne2 g5 15. d4
Bf5 16. Bd3 Qd7 17. Qc2 Ne7 18. Bxf5 Nxf5 19. O-O Rfe8 20. Nc1 Nd6 21. Nd3 Qf5
22. Qd1 Re7 23. b4 Rae8 24. Rc1 Qd5 25. Nde5 f6 26. c4 Qe4 27. Nd3 c6 28. Nc5
Qf5 29. d5 cxd5 30. Qxd5+ Qxd5 31. cxd5 f5 32. Ne6 Nb5 33. Nxg7 Kxg7 34. Rfd1
Kf6 35. Kf1 Rd8 36. Rc5 Re4 37. Re1 Rde8 38. Rd1 Rd8 39. Re1 Rde8 40. Rd1 Rd8 1/2-1/2

[Event "24th ch-EUR Indiv w 2024"]
[Site "Rhodes GRE"]
[Date "2024.04.28"]
[Round "9.53"]
[White "Ivan-Gal, Hanna Krisztina"]
[Black "Esadze, Tamari"]
[Result "1/2-1/2"]
[WhiteTitle "WFM"]
[WhiteElo "2161"]
[BlackElo "1965"]
[WhiteFideId "711861"]
[BlackFideId "13611186"]
[EventDate "2024.04.19"]

1. e4 c5 2. Nf3 d6 3. Bb5+ Bd7 4. Bxd7+ Qxd7 5. c4 e5 6. Nc3 Nf6 7. d3 Be7 8.
O-O O-O 9. a3 Nc6 10. Rb1 Nd4 11. b4 b6 12. Bg5 Ne6 13. Bxf6 Bxf6 14. Nd5 Qd8
15. Nd2 g6 16. Nb3 Bg7 17. bxc5 dxc5 18. a4 Rb8 19. Nd2 Qd7 20. Qb3 Nd4 21. Qa3
Nc6 22. Nb3 a5 23. Nc1 Nb4 24. Ne2 1/2-1/2

[Event "24th ch-EUR Indiv w 2024"]
[Site "Rhodes GRE"]
[Date "2024.04.28"]
[Round "9.54"]
[White "Pirvulescu, Ekaterina"]
[Black "Peglau, Charis"]
[Result "1-0"]
[WhiteTitle "WFM"]
[BlackTitle "WFM"]
[WhiteElo "2044"]
[BlackElo "2161"]
[WhiteFideId "13506374"]
[BlackFideId "16219996"]
[EventDate "2024.04.19"]

1. e4 c6 2. d4 d5 3. exd5 cxd5 4. Bd3 Nc6 5. c3 Nf6 6. Bf4 Bg4 7. Qb3 Qd7 8. Nd2
e6 9. Ngf3 Bxf3 10. Nxf3 Bd6 11. Bxd6 Qxd6 12. O-O O-O 13. Rae1 Rab8 14. Qa4 a6
15. Ne5 Ne7 16. a3 b5 17. Qc2 a5 18. Qe2 b4 19. cxb4 axb4 20. a4 Qb6 21. Qe3 b3
22. Ra1 Rfc8 23. a5 Qb4 24. a6 Ra8 25. h3 Qb6 26. g4 h6 27. Rfc1 Nc6 28. Nxc6
Rxc6 29. Rxc6 Qxc6 30. Qc1 Qxc1+ 31. Rxc1 Ne4 32. Rc7 g6 33. Bxe4 dxe4 34. a7 g5
35. Kf1 Kg7 36. Ke2 Kg6 37. Ke3 f5 38. gxf5+ Kxf5 39. Rf7+ Kg6 40. Rb7 Kf5 41.
Rb5+ Kg6 42. Ra5 h5 43. Kxe4 Kf6 44. f3 h4 45. Ra6 Ke7 46. Ke5 Kd7 47. Kf6 Kc8
48. Kxe6 Kb7 49. Ra3 1-0

[Event "24th ch-EUR Indiv w 2024"]
[Site "Rhodes GRE"]
[Date "2024.04.28"]
[Round "9.55"]
[White "Allahverdiyeva, Ayan"]
[Black "Stefanidi, Maria-Anna"]
[Result "1-0"]
[WhiteTitle "WIM"]
[BlackTitle "WFM"]
[WhiteElo "2152"]
[BlackElo "1944"]
[WhiteFideId "13412590"]
[BlackFideId "4207750"]
[EventDate "2024.04.19"]

1. e4 g6 2. d4 Bg7 3. Nc3 d6 4. Be3 c6 5. Qd2 Qc7 6. h3 b5 7. f4 a5 8. a3 Ba6 9.
Nf3 Nf6 10. Bd3 Nbd7 11. e5 Nd5 12. Nxd5 cxd5 13. e6 fxe6 14. Ng5 Nf8 15. Qe2
Qc6 16. Bf2 Bf6 17. O-O e5 18. a4 b4 19. dxe5 Bxd3 20. cxd3 dxe5 21. Rac1 Qa6
22. Nf7 Kxf7 23. fxe5 Qe6 24. Bd4 Nd7 25. Rce1 Rhf8 26. Qf2 Nxe5 27. Rxe5 Qd6
28. Rfe1 Kg8 29. Re6 Qd8 30. Bxf6 exf6 31. Qe3 Qd7 32. Re7 Qc6 33. Qh6 Rf7 34.
Rxf7 Kxf7 35. Qxh7+ Kf8 36. Qxg6 Ra7 37. Qh6+ Rg7 38. Rc1 Qe6 39. Qf4 Kg8 40.
Kh1 Qe5 41. Rc8+ Kh7 42. Qxe5 fxe5 43. Rd8 d4 44. Rd5 Rg3 45. Rxa5 Re3 46. Rb5
Kg6 47. a5 Kf5 48. a6 Rxd3 49. Ra5 Rd1+ 50. Kh2 Rc1 51. a7 Rc8 52. a8=Q Rxa8 53.
Rxa8 Kf4 54. Rd8 Ke3 55. h4 d3 56. h5 e4 57. h6 1-0

[Event "24th ch-EUR Indiv w 2024"]
[Site "Rhodes GRE"]
[Date "2024.04.28"]
[Round "9.56"]
[White "Karaivanova, Petya"]
[Black "Olde, Margareth"]
[Result "0-1"]
[WhiteTitle "WFM"]
[BlackTitle "WIM"]
[WhiteElo "1909"]
[BlackElo "2146"]
[WhiteFideId "2919150"]
[BlackFideId "4503082"]
[EventDate "2024.04.19"]

1. e4 c5 2. Nf3 e6 3. d4 cxd4 4. Nxd4 a6 5. Nc3 b5 6. Bd3 Bb7 7. O-O Nc6 8. Nxc6
Bxc6 9. b3 Qb8 10. Kh1 Nf6 11. Bb2 b4 12. Ne2 Nxe4 13. Nd4 Bb7 14. Bxe4 Bxe4 15.
Qe2 Qf4 16. f3 Bb7 17. g3 Qg5 18. Rad1 Be7 19. Qg2 Rc8 20. h4 Qg6 21. Qh3 h5 22.
Rd3 Rxc2 0-1

[Event "24th ch-EUR Indiv w 2024"]
[Site "Rhodes GRE"]
[Date "2024.04.28"]
[Round "9.57"]
[White "Borosova, Zuzana"]
[Black "Grapsa, Georgia"]
[Result "1-0"]
[WhiteTitle "WGM"]
[BlackTitle "WFM"]
[WhiteElo "2225"]
[BlackElo "1920"]
[WhiteFideId "14905779"]
[BlackFideId "4206436"]
[EventDate "2024.04.19"]

1. d4 Nf6 2. Nf3 b6 3. g3 Bb7 4. Bg2 g6 5. O-O Bg7 6. c4 O-O 7. d5 e6 8. Nc3
exd5 9. cxd5 Re8 10. Nd4 c6 11. e4 Na6 12. Nb3 Rc8 13. d6 b5 14. Re1 Qb6 15. e5
Nd5 16. Nxd5 cxd5 17. Be3 Qd8 18. Bd4 Nb4 19. Re2 Nc6 20. f4 Nxd4 21. Qxd4 Rc4
22. Qxa7 Ba8 23. Nc5 Qc8 24. Nd3 Ra4 25. Qc5 Qb7 26. b3 Re4 27. Rc2 b4 28. Nf2
g5 29. Nxe4 dxe4 30. Re1 f5 31. exf6 Bxf6 32. fxg5 Bc3 33. Qc4+ Qd5 34. Rd1 Qxc4
35. bxc4 Rc8 36. Bf1 Be5 37. Bh3 Bc6 38. Bf5 Ba4 39. Bxe4 Kg7 40. Rdc1 Bxc2 41.
Rxc2 Bxd6 42. Kg2 Be5 43. Kh3 d6 44. Kg4 Bd4 45. Bd5 Re8 46. Rd2 Bc5 47. h4 Re5
48. Rb2 Re3 49. Rf2 Re4+ 50. Rf4 Re7 51. h5 h6 52. g6 Be3 53. Rf7+ Rxf7 54. gxf7
Bf2 55. Kf3 Be1 56. g4 Kf8 57. Kf4 Bd2+ 58. Kf5 Ke7 59. Kg6 Kf8 60. Kf6 Be3 61.
Ke6 Bf4 62. Kd7 Be5 63. g5 hxg5 64. h6 g4 65. Ke6 g3 66. c5 1-0

[Event "24th ch-EUR Indiv w 2024"]
[Site "Rhodes GRE"]
[Date "2024.04.28"]
[Round "9.58"]
[White "Aydin, Gulenay"]
[Black "Donghvani, Nia"]
[Result "1/2-1/2"]
[WhiteTitle "WFM"]
[WhiteElo "2195"]
[BlackElo "2028"]
[WhiteFideId "34557431"]
[BlackFideId "13614649"]
[EventDate "2024.04.19"]

1. e4 c5 2. c3 Nf6 3. e5 Nd5 4. Nf3 e6 5. d4 cxd4 6. cxd4 d6 7. Bc4 Nc6 8. O-O
Be7 9. Bd2 O-O 10. Nc3 Nb6 11. Be2 a6 12. Qb1 dxe5 13. dxe5 Nxe5 14. Bf4 Ng6 15.
Rd1 Nd5 16. Nxd5 exd5 17. Bg3 Bf6 18. Nd4 Qb6 19. Nb3 Be6 20. Bf3 Rfd8 21. Qc2
Rac8 22. Qe2 d4 23. Bg4 d3 24. Qf3 Bxg4 25. Qxg4 Rc2 26. h4 Qe6 27. Qf3 Qd5 28.
Qxd5 Rxd5 29. Rac1 Rxc1 30. Nxc1 Bxb2 31. Nxd3 Bf6 32. h5 Rxh5 33. Rc1 h6 34.
Nc5 Rd5 35. Nxb7 h5 36. Nc5 h4 37. Bc7 Rd2 38. Ne4 Rxa2 39. Nxf6+ gxf6 40. Rc6
Ne5 41. Bxe5 fxe5 42. Rc5 f6 43. Rc7 a5 44. f3 a4 45. Rc4 a3 46. Rxh4 Rb2 47.
Ra4 a2 48. Kh2 Kf7 49. Ra6 Kg6 50. Kh3 Kg5 51. Kg3 Rc2 52. Ra5 Kf5 53. Ra6 Rb2
54. Kh3 e4 55. g4+ Ke5 56. fxe4 Kxe4 57. Kg3 Ke3 58. Kh4 Kd4 59. Kh5 Rg2 60.
Rd6+ Kc4 61. Ra6 Kb3 62. Rb6+ Kc2 63. Ra6 Kb1 64. Rxf6 a1=Q 65. Rf1+ Kb2 66.
Rxa1 Kxa1 67. g5 Kb2 68. Kg6 Kc3 69. Kf6 Kd4 70. g6 Kd5 71. g7 Kd6 72. Kf7 Rf2+
73. Ke8 Rg2 74. Kf7 Rxg7+ 75. Kxg7 Ke5 1/2-1/2

[Event "24th ch-EUR Indiv w 2024"]
[Site "Rhodes GRE"]
[Date "2024.04.28"]
[Round "9.59"]
[White "Makka, Ioulia"]
[Black "Kalaiyalahan, Akshaya"]
[Result "1/2-1/2"]
[WhiteTitle "WIM"]
[BlackTitle "FM"]
[WhiteElo "1983"]
[BlackElo "2148"]
[WhiteFideId "4205316"]
[BlackFideId "422894"]
[EventDate "2024.04.19"]

1. e4 c5 2. Nf3 Nc6 3. d4 cxd4 4. Nxd4 g6 5. c4 Nf6 6. Nc3 d6 7. Be2 Nxd4 8.
Qxd4 Bg7 9. Be3 O-O 10. Qd2 a5 11. O-O a4 12. f3 Be6 13. Rac1 Qa5 14. Rc2 Rfc8
15. Nb5 Qxd2 16. Bxd2 Nd7 17. g4 Ne5 18. b3 axb3 19. axb3 Nc6 20. Rb1 f5 21.
exf5 gxf5 22. h3 Bd7 23. Kh2 Ne5 24. Nc3 Rf8 25. Kg3 Nc6 26. Nb5 Rac8 27. Ra2
Ra8 28. Rc2 Rac8 29. Ra2 Nd8 30. Nc3 Nc6 1/2-1/2

[Event "24th ch-EUR Indiv w 2024"]
[Site "Rhodes GRE"]
[Date "2024.04.28"]
[Round "9.60"]
[White "Alexieva, Silvia"]
[Black "Szente Varga, Fruzsina"]
[Result "1/2-1/2"]
[WhiteTitle "IM"]
[BlackTitle "WFM"]
[WhiteElo "2144"]
[BlackElo "2025"]
[WhiteFideId "2902265"]
[BlackFideId "712264"]
[EventDate "2024.04.19"]

1. c4 Nf6 2. g3 g6 3. Bg2 Bg7 4. Nc3 O-O 5. e4 c6 6. d3 d5 7. exd5 cxd5 8. cxd5
Na6 9. a3 Bg4 10. Nge2 Nc7 11. Qb3 Bxe2 12. Kxe2 e6 13. Re1 Nfxd5 14. Nxd5 1/2-1/2

[Event "24th ch-EUR Indiv w 2024"]
[Site "Rhodes GRE"]
[Date "2024.04.28"]
[Round "9.61"]
[White "Janiashvili, Mariami"]
[Black "Walter, Ema"]
[Result "1/2-1/2"]
[WhiteTitle "WFM"]
[BlackTitle "WFM"]
[WhiteElo "1964"]
[BlackElo "2120"]
[WhiteFideId "13612077"]
[BlackFideId "14960710"]
[EventDate "2024.04.19"]

1. d4 Nf6 2. c4 e6 3. Nc3 Bb4 4. e3 b6 5. Ne2 Ba6 6. a3 Bxc3+ 7. Nxc3 d5 8. b3
O-O 9. Be2 c5 10. dxc5 bxc5 11. O-O Nc6 12. cxd5 Bxe2 13. Qxe2 exd5 14. Rd1 Rb8
15. Qc2 Qd6 16. h3 Rfc8 17. Rb1 h6 18. Bb2 Ne7 19. Nxd5 Nfxd5 20. e4 Qg6 21. Be5
Rb6 22. Qc4 Re6 23. Rxd5 Nxd5 24. Qxd5 Qg5 25. f4 Qe7 26. Rd1 Qe8 27. Rc1 Kh7
28. Rc4 Kh8 29. Bd6 1/2-1/2

[Event "24th ch-EUR Indiv w 2024"]
[Site "Rhodes GRE"]
[Date "2024.04.28"]
[Round "9.62"]
[White "Tsirulnik, Maritsa"]
[Black "Lomaia, Diana"]
[Result "1-0"]
[BlackTitle "WFM"]
[WhiteElo "2082"]
[BlackElo "2005"]
[WhiteFideId "14118688"]
[BlackFideId "13612476"]
[EventDate "2024.04.19"]

1. c4 e5 2. Nf3 Nc6 3. Nc3 Nf6 4. a3 d5 5. cxd5 Nxd5 6. Qc2 Be7 7. e3 a6 8. b4
Nxc3 9. dxc3 O-O 10. Bb2 Bg4 11. Rd1 Qc8 12. Be2 Qe6 13. c4 e4 14. Nd4 Nxd4 15.
exd4 Bf5 16. Qc3 Qh6 17. Bc1 Bg5 18. Bxg5 Qxg5 19. O-O Rfe8 20. Qe3 Qg6 21. d5
Rad8 22. Rd4 h5 23. Qf4 Rd7 24. Rfd1 Bg4 25. Bxg4 Qxg4 26. Qe3 Qg6 27. c5 Red8
28. h4 Qg4 29. f3 Qxh4 30. fxe4 Qe7 31. e5 Re8 32. Re1 Rdd8 33. Qf4 c6 34. d6
Qe6 35. Qg5 g6 36. Rf4 Rd7 37. Rf6 Qg4 38. Qxg4 hxg4 39. e6 fxe6 40. Rxg6+ Kf7
41. Rxg4 e5 42. Kf2 b6 43. Ke3 Ke6 44. Ke4 Rf7 45. Rh1 bxc5 46. bxc5 Rb8 47.
Rh6+ Kd7 48. Kxe5 Rb5 49. Rc4 Rb1 50. Rb4 Re1+ 51. Kd4 Rf4+ 52. Kd3 Rd1+ 53. Kc2
Rxb4 54. axb4 Rd4 55. Rh7+ Kd8 56. Kb3 Rg4 57. Ka4 Rxg2 58. Ka5 1-0

[Event "24th ch-EUR Indiv w 2024"]
[Site "Rhodes GRE"]
[Date "2024.04.28"]
[Round "9.63"]
[White "Belluire, Beatrice"]
[Black "Kordzadze, Nino"]
[Result "1/2-1/2"]
[WhiteElo "2070"]
[BlackElo "1976"]
[WhiteFideId "26017296"]
[BlackFideId "13603817"]
[EventDate "2024.04.19"]

1. e4 e6 2. d4 d5 3. Nc3 Bb4 4. Ne2 Nf6 5. e5 Ne4 6. a3 Nxc3 7. Nxc3 Be7 8. Be3
c5 9. dxc5 Qc7 10. f4 a6 11. Na4 Nc6 12. Nb6 Rb8 13. c4 d4 14. Nxc8 Rxc8 15. Bf2
Bxc5 16. Bd3 a5 17. O-O g6 18. Kh1 Qd7 19. b3 Qe7 20. Qc1 h5 21. Be4 h4 22. h3
Rd8 23. Qb2 d3 24. Bxc5 Qxc5 25. Rad1 Qe3 26. Bxc6+ bxc6 27. Qc3 Qe2 28. Rfe1
Qf2 29. Rf1 Qe2 30. Qxa5 d2 31. Qc5 Rd3 32. Qxc6+ Kf8 33. Qc5+ Kg7 34. Qf2 Qe4
35. Kh2 Rxb3 36. Qxd2 Qxc4 37. f5 exf5 38. Qg5 Qe6 39. Rfe1 Rb6 40. a4 Ra6 41.
Rd4 Rh5 42. Qd8 Qb3 43. Rxh4 Rxh4 44. Qxh4 Qxa4 45. Qxa4 1/2-1/2

[Event "24th ch-EUR Indiv w 2024"]
[Site "Rhodes GRE"]
[Date "2024.04.28"]
[Round "9.64"]
[White "Tsetskhladze, Mariam"]
[Black "Tashkinova, Sofiia"]
[Result "1/2-1/2"]
[WhiteTitle "WCM"]
[WhiteElo "1955"]
[BlackElo "2066"]
[WhiteFideId "13623834"]
[BlackFideId "14188309"]
[EventDate "2024.04.19"]

1. e4 e6 2. d4 d5 3. Nd2 c5 4. Ngf3 cxd4 5. Nxd4 Nc6 6. Bb5 Bd7 7. Nxc6 bxc6 8.
Bd3 Qc7 9. O-O Bd6 10. h3 Ne7 11. c4 O-O 12. exd5 cxd5 13. cxd5 Nxd5 14. Ne4
Bh2+ 15. Kh1 Bf4 16. Bxf4 Nxf4 17. Rc1 Qb6 18. Ng5 h6 19. Bh7+ Kh8 20. Qxd7 hxg5
21. Be4 Rad8 22. Qe7 Qb5 23. Qxa7 f5 24. Bf3 e5 25. Qe7 e4 26. Qxg5 Nd3 27. Bxe4
Nxc1 28. Rxc1 Qxb2 29. Bxf5 Rd6 30. Re1 Qxf2 31. Re7 Qd4 32. Kh2 Rh6 33. Bg4 Rb8
34. Rd7 Qf6 35. Qxf6 Rxf6 36. Rd2 Ra6 37. Bf3 Ra5 38. Be4 Re8 39. Bg6 Rea8 40.
Bf7 Rf5 41. Bb3 Raf8 42. Rd4 Rf4 43. Rd5 R4f5 44. Rd4 Rf4 45. Rd5 R4f5 1/2-1/2

[Event "24th ch-EUR Indiv w 2024"]
[Site "Rhodes GRE"]
[Date "2024.04.28"]
[Round "9.65"]
[White "Federovski, Adi"]
[Black "Manko, Mariia"]
[Result "1-0"]
[BlackTitle "WFM"]
[WhiteElo "1976"]
[BlackElo "2251"]
[WhiteFideId "2813777"]
[BlackFideId "14199220"]
[EventDate "2024.04.19"]

1. e4 c5 2. Nf3 Nc6 3. Bb5 g6 4. Bxc6 dxc6 5. d3 Bg7 6. h3 b6 7. O-O a5 8. a4 e5
9. Be3 Ne7 10. Nbd2 Qc7 11. Nc4 Be6 12. Qc1 Bxc4 13. dxc4 h6 14. Nh2 g5 15. Qd1
Ng6 16. g3 Qd7 17. Kg2 Qe6 18. Qd3 O-O 19. Rfd1 Rad8 20. Qb3 Rb8 21. Qd3 Kh7 22.
b3 Rbd8 23. Qxd8 Rxd8 24. Rxd8 f5 25. Rad1 fxe4 26. R1d6 Qf5 27. g4 Qf7 28. R8d7
Qe8 29. Nf1 Nf4+ 30. Kh2 Ne6 31. Ng3 Kg6 32. Nf5 Bf8 33. Re7 Qxe7 34. Nxe7+ Kf6
35. Rxe6+ Kxe6 36. Nxc6 Bd6 37. Na7 Be7 38. Nb5 Bd8 39. Nc3 Kf6 40. Nxe4+ Kg6
41. Kg2 1-0